000 00507nam a2200181Ia 4500
005 20250508150549.0
008 008 250505s9999 xx 000 0 eng d
037 _aBooks to be hide in OPAC
040 _aFEDL
_beng
_cFEDL
041 _aeng
_2eng
084 _a511.07, POT
_qFEDL
100 _aPotter F F
245 0 _aTeaching of arithmetic
260 _aLondon, UK
_bSir Isaac Pitman and Sons Limited
_c1947
300 _a459p.
942 _cHB
_h511.07, POT
999 _c1324284
_d1324284